Conversion of redundant commercial space to residential use (Record no. 100547)
[ view plain ]
| 000 -LEADER | |
|---|---|
| fixed length control field | 00786cam a2200253 4500 |
| 001 - CONTROL NUMBER | |
| control field | J106253 |
| 008 - FIXED-LENGTH DATA ELEMENTS--GENERAL INFORMATION | |
| fixed length control field | 000000n1999 000 0 eng u |
| 035 ## - SYSTEM CONTROL NUMBER | |
| System control number | (Sirsi) u106253 |
| 050 ## - LIBRARY OF CONGRESS CALL NUMBER | |
| Classification number | 690.231 |
| 100 ## - MAIN ENTRY--PERSONAL NAME | |
| Personal name | Freeer, Nicholas |
| 245 ## - TITLE STATEMENT | |
| Title | Conversion of redundant commercial space to residential use |
| 260 ## - PUBLICATION, DISTRIBUTION, ETC. | |
| Place of publication, distribution, etc. | London |
| -- | BPF |
| Date of publication, distribution, etc. | 1999 |
| 300 ## - PHYSICAL DESCRIPTION | |
| Extent | approx. 66p. ; 30cm. |
| 520 ## - SUMMARY, ETC. | |
| Summary, etc. | A research study conducted for the British Property Federation by the Civic Trust Regeneration Unit and Office for Public Management |
| 650 ## - SUBJECT ADDED ENTRY--TOPICAL TERM | |
| Topical term or geographic name entry element | REUSE |
| 650 ## - SUBJECT ADDED ENTRY--TOPICAL TERM | |
| Topical term or geographic name entry element | CONVERSIONS |
| 650 ## - SUBJECT ADDED ENTRY--TOPICAL TERM | |
| Topical term or geographic name entry element | PROPERTY-COMMERCIAL PROPERTY |
| 650 ## - SUBJECT ADDED ENTRY--TOPICAL TERM | |
| Topical term or geographic name entry element | CONSERVATION |
| 650 ## - SUBJECT ADDED ENTRY--TOPICAL TERM | |
| Topical term or geographic name entry element | RESIDENTIAL PROPERTY |
| 9 (RLIN) | 6266 |
| 690 ## - LOCAL SUBJECT ADDED ENTRY--TOPICAL TERM (OCLC, RLIN) | |
| Topical term or geographic name as entry element | HOUSING |
| 700 ## - ADDED ENTRY--PERSONAL NAME | |
| Personal name | Lawson, Dominic |
| 700 ## - ADDED ENTRY--PERSONAL NAME | |
| Personal name | Slater, Miffa |
| 942 ## - ADDED ENTRY ELEMENTS (KOHA) | |
| Suppress in OPAC | 0 |
| Withdrawn status | Lost status | Source of classification or shelving scheme | Damaged status | Not for loan | Home library | Current library | Shelving location | Date acquired | Total Checkouts | Full call number | Barcode | Date last seen | Date last checked out | Copy number | Price effective from | Koha item type |
|---|---|---|---|---|---|---|---|---|---|---|---|---|---|---|---|---|
| Dewey Decimal Classification | London | London | Folio | 05/06/2000 | 3 | F690.231 FRE | 30061592 | 06/08/2019 | 28/03/2003 | 1 | 06/08/2019 | Book |